Every Active 2025 Player by Position: Catcher - Statistics

General Stats
  • This quiz has been taken 2 times
  • The average score is 5 of 86
Answer Stats
Team Number Answer % Correct
Orioles 35 Adley Rutschman
100%
Blue Jays 30 Alejandro Kirk
100%
Mariners 29 Cal Raleigh
50%
Tigers 13 Dillon Dingler
50%
Tigers 34 Jake Rodgers
50%
Cardinals 43 Pedro Pages
50%
Blue Jays 55 Tyler Heineman
50%
Brewers 24 Williams Contreras
50%
D-Backs 25 Adrian Del Castillo
0%
Orioles 70 Alex Jackson
0%
Giants 21 Andrew Knizner
0%
Marlins 50 Augustin Ramirez
0%
Guardians 27 Austin Hedges
0%
Yankees 28 Austin Wells
0%
Dodgers 47 Ben Rortvedt
0%
Guardians 23 Bo Naylor
0%
Rockies 37 Braxton Fulford
0%
Marlins 70 Brian Navarreto
0%
Red Sox 75 Carlos Narváez
0%
Cubs 15 Carson Kelly
0%
Royals 22 Carter Jenson
0%
Astros 18 Cesar Salazar
0%
Twins 8 Christian Pereda
0%
Braves Chuckie Robinson
0%
Nationals 36 C.J Abrams
0%
Red Sox 12 Connor Wong
0%
Brewers 33 Danny Jansen
0%
Guardians 46 Dom Nunez
0%
Braves 30 Drake Baldwin
0%
Rockies 3 Drew Romo
0%
White Sox 7 Edgar Quero
0%
Padres 17 Elias Diaz
0%
Mets 4 Francisco Alvarez
0%
Padres 54 Freddy Fermin
0%
D-Backs 14 Gabriel Moreno
0%
Phillies 21 Garrett Stubbs
0%
Mariners 5 Harry Ford
0%
Mets 30 Hayden Senger
0%
Pirates 32 Henry Davis
0%
Rays 30 Hunter Feduccia
0%
Rockies 15 Hunter Goodman
0%
Cardinals 48 Ivan Herrera
0%
D-Backs 8 James McCann
0%
Yankees 25 J.C Escarra
0%
Brewers 76 Jefferson Quero
0%
Giants Jesus Rodriguez
0%
Twins 65 Jhonny Pereda
0%
Cardinals 8 Jimmy Crooks
0%
Pirates 14 Joey Bart
0%
Rangers 28 Jonah Heim
0%
Nationals 44 Jorge Alfaro
0%
Reds 35 Jose Trevino
0%
Phillies 10 J.T Realmuto
0%
Nationals 20 Keibert Ruiz
0%
White Sox 26 Korey Lee
0%
Rangers 11 Kyle Higashioka
0%
White Sox 8 Kyle Teele
0%
Marlins 34 Liam Hicks
0%
Angels 14 Logan O'Hoppe
0%
Padres 12 Luis Campusano
0%
Mets 13 Luis Torrens
0%
Royals 17 Luke Maile
0%
Padres 15 Martin Maldonado
0%
Orioles 98 Maverick Handley
0%
Cubs 9 Miguel Amaya
0%
Mariners 18 Mitch Garver
0%
Cubs 25 Moisés Ballesteros
0%
Rays 40 Nick Fortes
0%
Giants 14 Patrick Bailey
0%
Pirates 43 Rafael Flores
0%
Phillies 13 Rafael Marchan
0%
Cubs 20 Reese McGuire
0%
Nationals 15 Riley Adams
0%
Twins 27 Ryan Jeffers
0%
Royals 13 Salvador Perez
0%
Orioles 29 Samuel Basallo
0%
Angels 38 Sebastian Rivero
0%
A's 23 Shea Langeliers
0%
Angels 25 Travis d'Arnaud
0%
Reds 37 Tyler Stephenson
0%
Astros 17 Victor Caratini
0%
Reds 49 Will Banfield
0%
A's 65 Willie Maclver
0%
Dodgers 16 Will Smith
0%
Astros 21 Yainer Diaz
0%
Cardinals 63 Yohel Pozo
0%
No matching quizzes found
Score Distribution
Percent of People with Each Score
Percentile by Number Answered
Your Score History
You have not taken this quiz